Bach cantatas /

Bibliographic Details
Main Author: Westrup, J. A. (Jack Allan), 1904-1975
Format: Book
Language:English
Published: London : British Broadcasting Corporation, 1966.
Series:BBC music guides.
Subjects:

MARC

Tag First Indicator Second Indicator Subfields
LEADER 00000cam a2200000I 4500
001 in00002105413
005 20151102191024.0
008 790809s1966 enkag 000 0 eng
010 |a  66074404  
015 |a B66-14855 
029 1 |a UKM  |b b6614855 
035 |a (OCoLC)ocm05255029 
040 |a DLC  |c XBM  |d OCL  |d UKM  |d TXA  |d UtOrBLW 
049 |a TXAM 
050 0 |a MT115.B2  |b W45 
082 0 |a 780 
100 1 |a Westrup, J. A.  |q (Jack Allan),  |d 1904-1975. 
245 1 0 |a Bach cantatas /  |c by J.A. Westrup. 
264 1 |a London :  |b British Broadcasting Corporation,  |c 1966. 
300 |a 60 pages :  |b illustrations (music) ;  |c 20 cm. 
336 |a text  |b txt  |2 rdacontent 
337 |a unmediated  |b n  |2 rdamedia 
338 |a volume  |b nc  |2 rdacarrier 
490 1 |a BBC music guides 
536 |a From the Howard Mayer Brown, Edward Downes and Mary Schieffelin Book Collections, October 2004. 
600 1 0 |a Bach, Johann Sebastian,  |d 1685-1750.  |t Cantatas. 
830 0 |a BBC music guides. 
994 |a C0  |b TXA 
948 |a cataloged  |b h  |c 2006/2/2  |d c  |e bhartsfi  |f 10:59:22 am 
999 |a MARS 
999 f f |s 9fd3037b-a96a-3ba2-bc9e-e74f4a735890  |i c63f7fef-8ade-34e6-a546-336bf79f7723  |t 0 
952 f f |p storage  |a Texas A&M University  |b J.J. Pickle Campus  |c High Density Repository  |d Remote Storage  |t 0  |e MT115.B2 W45  |h Library of Congress classification  |i unmediated -- volume  |m A14833309367 
998 f f |a MT115.B2 W45  |t 0  |l Remote Storage